000 00488nam a2200217 454500
001 032075
003 BD-ChCU
008 Eng
020 _ax
040 _aDLC
_cDLC
_dBD-ChCU
082 0 0 _a540/CAC
100 1 _aCampbell, J.A.
_bx
245 1 0 _aChemical systems
_bEnergetics dynamics structure
250 _ax
260 _aSan Francisco
_bW. H. Freeman
_c1970
300 _axiv, 109
504 _ax
650 0 _aChemistry
_bChemistry
700 1 _ax
942 _2ddc
_cBK
999 _c32075
_d32075